Pays les plus proches de Malawi - Statistiques

Statistiques générales
  • Ce quiz a été pris 129 fois
  • Le résultat moyen est 18 sur 20
Statistiques - réponses
km pays % Correct
292 Rép Dém Congo
97%
707 Afrique du Sud
96%
1433 Lesotho
96%
0 Tanzanie
96%
0 Mozambique
95%
0 Zambie
95%
162 Zimbabwe
95%
795 Kenya
94%
820 Botswana
93%
1028 Eswatini
93%
919 Namibie
93%
815 Rwanda
93%
936 Angola
92%
652 Burundi
89%
942 Ouganda
87%
879 Madagascar
85%
1232 Somalie
85%
1551 Ethiopie
82%
859 Comores
76%
1434 Soudan du Sud
74%
Aucun quiz correspondant
Distribution des résultats
% des personnes avec chaque résultat
Percentile par nombre de réponses
Votre historique - résultats
Vous n’avez pas pris ce quiz